About raptors a guide for children (Record no. 3108)

MARC details
000 -LEADER
fixed length control field 00882nam a22002777a 4500
001 - CONTROL NUMBER
control field 3108
003 - CONTROL NUMBER IDENTIFIER
control field FISKH
005 - DATE AND TIME OF LATEST TRANSACTION
control field 20240207090141.0
008 - FIXED-LENGTH DATA ELEMENTS--GENERAL INFORMATION
fixed length control field 240206b cb ||||| |||| 00| 0 eng d
020 ## - INTERNATIONAL STANDARD BOOK NUMBER
International Standard Book Number 9780545700818
040 ## - CATALOGING SOURCE
Original cataloging agency FISKH
Language of cataloging eng
Transcribing agency FISKH
Modifying agency FISKH
050 ## - LIBRARY OF CONGRESS CALL NUMBER
Classification number QL677.S55
082 ## - DEWEY DECIMAL CLASSIFICATION NUMBER
Classification number 598.9
100 ## - MAIN ENTRY--PERSONAL NAME
Personal name Sill, Cathryn
245 ## - TITLE STATEMENT
Title About raptors a guide for children
Statement of responsibility, etc. by Sill, Cathryn, illustrated by Sill, John
260 ## - PUBLICATION, DISTRIBUTION, ETC.
Place of publication, distribution, etc. New York :
Name of publisher, distributor, etc. Scholastic ,
Date of publication, distribution, etc. 2010
300 ## - PHYSICAL DESCRIPTION
Extent 43 unnumbered pages :
Other physical details color illustrations ;
Dimensions 23 cm .
490 ## - SERIES STATEMENT
Series statement About... A Guide For Children
505 ## - FORMATTED CONTENTS NOTE
Formatted contents note J <br/>
520 ## - SUMMARY, ETC.
Summary, etc. Explains what raptors look like, where they live, what they eat and what a raptor is.
521 8# - TARGET AUDIENCE NOTE
Target audience note 470 <br/>
Source Lexile <br/>
521 8# - TARGET AUDIENCE NOTE
Target audience note J <br/>
Source Raz-Plus <br/>
650 ## - SUBJECT ADDED ENTRY--TOPICAL TERM
Topical term or geographic name entry element raptors
Form subdivision non-fiction
700 ## - ADDED ENTRY--PERSONAL NAME
Personal name Sill, John
Relator term illustrator
942 ## - ADDED ENTRY ELEMENTS (KOHA)
Source of classification or shelving scheme Dewey Decimal Classification
Koha item type Books
Suppress in OPAC No
Holdings
Withdrawn status Lost status Source of classification or shelving scheme Damaged status Not for loan Collection Home library Current library Shelving location Date acquired Total Checkouts Full call number Barcode Date last seen Date last checked out Copy number Price effective from Koha item type
    Dewey Decimal Classification     Non-Fiction Footprints International School Library Network Toul Kork Campus Footprints International School Library Network Toul Kork Campus TK Primary Library Room(4th Floor), Bookcase 1&2, Shelves 1-16, Dark Blue Books 05/02/2025   SIL 598.9 QL677.S55 FISBK06149 05/02/2025   2 05/02/2025 Books
    Dewey Decimal Classification     Non-Fiction Footprints International School Library Network Toul Tom Poung Campus Footprints International School Library Network Toul Tom Poung Campus TTP Primary Dark Blue Bookshelves 02/06/2024 1 SIL 598.9 QL677.S55 FISTK02495 03/04/2024 02/26/2024 1 02/06/2024 Books